000
00211nam a2200097Ia 4500
005
20251222114340.0
008
251222s1900||||xx |||||||||||||| ||spa||
082
_a
DVD0150/C24/2009
245
0
_a
Bakhita:
942
_c
DVD
999
_c
810
_d
810